Wsie w gminie Nagłowice (Świętokrzyskie) - Statystyki

Ogólne statystyki
  • Ten quiz został rozwiązany 26 razy
  • Średni wynik to 8 z 17
Statystyki odpowiedzi
Wieś: % Poprawnych
Nagłowice
90%
Jaronowice
67%
Ślęcin
67%
Trzciniec
67%
Rakoszyn
57%
Deszno
48%
Zdanowice
48%
Rejowiec
43%
Chycza-Brzóstki
38%
Cierno-Żabieniec
38%
Nowa Wieś
38%
Warzyn Drugi
38%
Caców
33%
Warzyn Pierwszy
33%
Brynica Mokra
24%
Kuźnice
24%
Zagórze
19%
Nie znaleziono quizów pasujących do podanych kryteriów
Rozkład punktacji
Procent ludzi z każdym wynikiem
Percentyl według liczby udzielonych odpowiedzi
Twoja historia wyników
Nie rozwiązałeś tego quizu